[Event "Ceske Budejovice op"]
[Site "Ceske Budejovice"]
[Date "2024.07.03"]
[Round "5"]
[White "Tomcikova, Dominika"]
[Black "Stevik, Patrik1"]
[Result "0-1"]
[WhiteElo "2003"]
[BlackElo "2262"]
[PlyCount "66"]
[EventDate "2024.06.29"]
[EventType "swiss"]
[EventRounds "9"]
[EventCountry "CZE"]
[SourceTitle "CBM 221 Extra"]
[Source "ChessBase"]
[SourceDate "2024.09.30"]
[SourceVersion "1"]
[SourceVersionDate "2024.09.30"]
[SourceQuality "1"]

1. g3 d5 2. Bg2 c5 3. d3 Nc6 4. Nf3 e5 5. 0-0 Be7 6. Nbd2 h5 7. h4 f6 8. e4 d4 9. Nh2 Be6 10. a3 a5 11. Qe1 g5 12. f4 gxf4 13. gxf4 exf4 14. Rxf4 Qc7 15. Ndf1 Nh6 16. Qg3 Ne5 17. Rf2 0-0-0 18. Bxh6 Rxh6 19. Qf4 Rg6 20. Ng3 Rdg8 21. Nf5 Bd8 22. Kh1 Qd7 23. b4 Bc7 24. Qd2 Ng4 25. Nxg4 Rxg4 26. Bh3 Bxf5 27. Bxg4 Bxg4 28. Rxf6 Be5 29. Rff1 Qe7 30. Qe1 Rf8 31. Rxf8+ Qxf8 32. Qd2 Bf3+ 33. Kg1 Bf4 0-1

[Event "Ceske Budejovice op"]
[Site "Ceske Budejovice"]
[Date "2024.07.01"]
[Round "3"]
[White "Tomcikova, Dominika"]
[Black "Egli, Urs Martin"]
[Result "1-0"]
[WhiteElo "2003"]
[BlackElo "1858"]
[PlyCount "47"]
[EventDate "2024.06.29"]
[EventType "swiss"]
[EventRounds "9"]
[EventCountry "CZE"]
[SourceTitle "CBM 221 Extra"]
[Source "ChessBase"]
[SourceDate "2024.09.30"]
[SourceVersion "1"]
[SourceVersionDate "2024.09.30"]
[SourceQuality "1"]

1. e4 g6 2. g3 Bg7 3. Bg2 c5 4. d3 Nc6 5. f4 d6 6. Nf3 e6 7. 0-0 Nge7 8. c3 0-0 9. Be3 Rb8 10. Nbd2 b5 11. a3 a5 12. Qc2 b4 13. axb4 axb4 14. d4 cxd4 15. cxd4 d5 16. e5 Qb6 17. Nb3 Ba6 18. Rfc1 Rfc8 19. Nc5 Bb5 20. Nd7 Qb7 21. Nxb8 Nxe5 22. Qb3 Nxf3+ 23. Bxf3 Bc4 24. Rxc4 1-0

[Event "SVK-chT1E 2223"]
[Site "Slovakia"]
[Date "2024.02.04"]
[Round "9.4"]
[White "Tomcikova, Dominika"]
[Black "Cech, Dominik"]
[Result "1-0"]
[WhiteElo "1959"]
[BlackElo "2068"]
[PlyCount "41"]
[EventDate "2023.10.21"]
[EventType "team-tourn"]
[EventRounds "11"]
[EventCountry "SVK"]
[SourceTitle "EXT 2025"]
[Source "ChessBase"]
[SourceDate "2024.10.14"]
[SourceVersion "1"]
[SourceVersionDate "2024.10.14"]
[SourceQuality "1"]
[WhiteTeam "Rajecke Teplice Slovan"]
[BlackTeam "Michalovce Zemplin"]
[WhiteTeamCountry "SVK"]
[BlackTeamCountry "SVK"]

1. e4 c5 2. Nc3 Nc6 3. Bb5 Nd4 4. Bc4 e6 5. d3 g6 6. f4 Bg7 7. Nf3 Ne7 8. e5 d5 9. Bb3 Nxf3+ 10. Qxf3 a6 11. a4 0-0 12. 0-0 f6 13. exf6 Bxf6 14. Ne2 Nc6 15. c3 c4 16. Ba2 Bd7 17. dxc4 dxc4 18. Bxc4 Na5 19. Ba2 Nb3 20. Bxb3 Qb6+ 21. Nd4 1-0

[Event "SVK-chT1E 2223"]
[Site "Slovakia"]
[Date "2023.12.17"]
[Round "6.7"]
[White "Tomcikova, Dominika"]
[Black "Janik, Miroslav"]
[Result "1-0"]
[WhiteElo "1959"]
[BlackElo "1835"]
[PlyCount "131"]
[EventDate "2023.10.21"]
[EventType "team-tourn"]
[EventRounds "11"]
[EventCountry "SVK"]
[SourceTitle "EXT 2025"]
[Source "ChessBase"]
[SourceDate "2024.10.14"]
[SourceVersion "1"]
[SourceVersionDate "2024.10.14"]
[SourceQuality "1"]
[WhiteTeam "Rajecke Teplice Slovan"]
[BlackTeam "Dunajov Martin II"]
[WhiteTeamCountry "SVK"]
[BlackTeamCountry "SVK"]

1. e4 c5 2. Nc3 Nc6 3. Bb5 g6 4. Bxc6 dxc6 5. d3 Bg7 6. f4 e5 7. Nf3 exf4 8. Bxf4 Ne7 9. 0-0 Bg4 10. h3 Bxf3 11. Qxf3 0-0 12. Ne2 f5 13. Bg5 Qd7 14. c3 Rae8 15. Ng3 fxe4 16. Qxe4 Nf5 17. Qc4+ Qd5 18. Qxd5+ cxd5 19. Nxf5 Rxf5 20. Rxf5 gxf5 21. Rf1 Re2 22. Rxf5 Rxb2 23. Rxd5 Bxc3 24. Be3 b6 25. Rd8+ Kf7 26. Rd7+ Kg6 27. Rxa7 Re2 28. Bf2 Rd2 29. Ra6 Rd1+ 30. Kh2 Be5+ 31. g3 Rd2 32. Rxb6+ Kf5 33. Kg1 Rxd3 34. g4+ Ke4 35. Bxc5 Rxh3 36. Rb3 Rh4 37. Rb4+ Kd5 38. Bf2 Rh3 39. a4 Bd6 40. Rb5+ Ke4 41. Rb6 Bc7 42. Rc6 Ba5 43. Kg2 Ra3 44. Rc4+ Kd3 45. Rf4 Ra2 46. Kf3 Bc3 47. g5 Be5 48. Rh4 Ra1 49. Bb6 Rf1+ 50. Bf2 Ra1 51. Rxh7 Rxa4 52. Rd7+ Kc4 53. Ke4 Ba1 54. Rc7+ Kb5+ 55. Kf5 Ra2 56. Be3 Re2 57. Bf4 Re1 58. g6 Rg1 59. Bh6 Kb6 60. Rf7 Rh1 61. Bg7 Bxg7 62. Rxg7 Kc6 63. Rf7 Kd6 64. g7 Rg1 65. Kf6 Re1 66. Rf8 1-0

[Event "SVK-chT2C 2223"]
[Site "Slovakia"]
[Date "2023.03.25"]
[Round "10.8"]
[White "Janik, Marek Tobias"]
[Black "Tomcikova, Dominika"]
[Result "0-1"]
[WhiteElo "1823"]
[BlackElo "1934"]
[PlyCount "86"]
[EventDate "2022.10.08"]
[EventType "team-tourn"]
[EventRounds "11"]
[EventCountry "SVK"]
[SourceTitle "EXT 2024"]
[Source "ChessBase"]
[SourceDate "2023.10.10"]
[SourceVersion "1"]
[SourceVersionDate "2023.10.10"]
[SourceQuality "1"]
[WhiteTeam "Liptov Chess School III"]
[BlackTeam "Rajecke Teplice"]
[WhiteTeamCountry "SVK"]
[BlackTeamCountry "SVK"]

1. c4 Nf6 2. Nc3 g6 3. g3 Bg7 4. Bg2 d6 5. d3 0-0 6. e4 e5 7. Nge2 Nbd7 8. 0-0 a5 9. h3 Nc5 10. Be3 Nfd7 11. d4 exd4 12. Bxd4 Ne6 13. Bxg7 Kxg7 14. f4 f6 15. a3 Nb6 16. f5 Nc5 17. b4 axb4 18. axb4 Rxa1 19. Qxa1 Nd3 20. Qb1 Ne5 21. c5 Nbc4 22. Qc1 dxc5 23. bxc5 Nd3 24. Qa1 Nxc5 25. Nd5 c6 26. Ndf4 Ne3 27. Rf3 Nxg2 28. Kxg2 Re8 29. fxg6 hxg6 30. Nc3 Nxe4 31. Nxe4 Rxe4 32. Qb1 Qe7 33. Rb3 g5 34. Nd3 Re2+ 35. Nf2 Qe6 36. g4 b5 37. Ra3 Qd5+ 38. Kg1 Qc5 39. Rf3 Be6 40. Qa1 Qe5 41. Qa7+ Kg6 42. Qe7 Re1+ 43. Kg2 Bd5 0-1

[Event "SVK-chT2C 2223"]
[Site "Slovakia"]
[Date "2023.02.12"]
[Round "9.5"]
[White "Luptak, Pavol"]
[Black "Tomcikova, Dominika"]
[Result "0-1"]
[WhiteElo "1888"]
[BlackElo "1934"]
[PlyCount "148"]
[EventDate "2022.10.08"]
[EventType "team-tourn"]
[EventRounds "11"]
[EventCountry "SVK"]
[SourceTitle "EXT 2024"]
[Source "ChessBase"]
[SourceDate "2023.10.10"]
[SourceVersion "1"]
[SourceVersionDate "2023.10.10"]
[SourceQuality "1"]
[WhiteTeam "Banska Bystrica Kurta"]
[BlackTeam "Rajecke Teplice"]
[WhiteTeamCountry "SVK"]
[BlackTeamCountry "SVK"]

1. e4 c6 2. d4 d5 3. e5 Bf5 4. g4 Bd7 5. c4 e6 6. cxd5 cxd5 7. Nc3 Nc6 8. Nf3 a6 9. h4 h6 10. Be3 Be7 11. Qd2 Qb6 12. Bd3 0-0-0 13. 0-0 f6 14. Rac1 Kb8 15. Na4 Qa5 16. Nc5 Bxc5 17. Rxc5 Qb6 18. Rfc1 Rc8 19. b4 Na7 20. Qc2 Ne7 21. exf6 gxf6 22. Bf4+ Ka8 23. Bc7 Qxb4 24. Bd6 Rce8 25. Rb1 Qa4 26. Rc7 Nec8 27. Rcxb7 Nxd6 28. Qc7 Nab5 29. Bxb5 axb5 30. Rb6 Rb8 31. Rxd6 Rb7 32. Qc1 Rc8 33. Qd2 Qa3 34. Qf4 Rg8 35. g5 hxg5 36. hxg5 fxg5 37. Qf7 Qxd6 38. Qxg8+ Qb8 39. Qxb8+ Rxb8 40. Nxg5 Rg8 41. f4 Rf8 42. Rf1 Kb7 43. a3 Kc6 44. Kg2 Kd6 45. Kg3 Ke7 46. Rf3 Rg8 47. Re3 Kf6 48. Kf3 Rh8 49. Rc3 Rh1 50. Rc7 Be8 51. Kg2 Rd1 52. Nf3 Bh5 53. Ne5 Rxd4 54. Kg3 Kf5 55. Rh7 Bg6 56. Rh8 Rxf4 57. Rf8+ Kxe5 58. Rxf4 Bd3 59. Rb4 Bc4 60. Kf3 Kd4 61. Kf2 e5 62. Ke1 e4 63. Rb2 Kc3 64. Rb1 e3 65. Rc1+ Kb3 66. Kd1 d4 67. Rb1+ Kxa3 68. Kc2 Ka4 69. Rb2 Ka5 70. Rb1 Kb6 71. Rh1 Kc5 72. Rh5+ Kb4 73. Rh4 d3+ 74. Kc1 Kc3 0-1

[Event "SVK-chT2C 2223"]
[Site "Slovakia"]
[Date "2022.10.09"]
[Round "2.4"]
[White "Klein, Peter"]
[Black "Tomcikova, Dominika"]
[Result "1/2-1/2"]
[WhiteElo "1942"]
[BlackElo "1934"]
[PlyCount "32"]
[EventDate "2022.10.08"]
[EventType "team-tourn"]
[EventRounds "11"]
[EventCountry "SVK"]
[SourceTitle "CBM 210 Extra"]
[Source "ChessBase"]
[SourceDate "2022.11.30"]
[SourceVersion "1"]
[SourceVersionDate "2022.11.30"]
[SourceQuality "1"]
[WhiteTeam "Filakovo"]
[BlackTeam "Rajecke Teplice"]
[WhiteTeamCountry "SVK"]
[BlackTeamCountry "SVK"]

1. e4 c6 2. d4 d5 3. Nc3 dxe4 4. Nxe4 Nf6 5. Ng3 h5 6. h4 Bg4 7. Be2 Bxe2 8. N1xe2 e6 9. c3 Bd6 10. Bg5 Be7 11. Qb3 Qb6 12. 0-0 Qxb3 13. axb3 Nbd7 14. Nf4 g6 15. Rfe1 Nd5 16. Nxd5 cxd5 1/2-1/2

[Event "Pula op 34th"]
[Site "Pula"]
[Date "2022.06.18"]
[Round "1"]
[White "Tomcikova, Dominika"]
[Black "Fercec, Nenad"]
[Result "0-1"]
[WhiteElo "1947"]
[BlackElo "2416"]
[PlyCount "90"]
[EventDate "2022.06.18"]
[EventType "swiss"]
[EventRounds "9"]
[EventCountry "CRO"]
[SourceTitle "CBM 209 Extra"]
[Source "ChessBase"]
[SourceDate "2022.09.30"]
[SourceVersion "1"]
[SourceVersionDate "2022.09.30"]
[SourceQuality "1"]

1. Nf3 d5 2. d3 Nf6 3. g3 g6 4. Bg2 Bg7 5. 0-0 0-0 6. Nbd2 Nc6 7. e4 e5 8. Re1 h6 9. h3 Re8 10. a3 a5 11. Rb1 a4 12. Qe2 Be6 13. b4 axb3 14. cxb3 Nd7 15. b4 Nb6 16. Bb2 d4 17. Rbc1 Na4 18. Ba1 Na7 19. Nc4 Bd7 20. Nfd2 Nb5 21. Nb1 h5 22. f4 h4 23. Nxe5 Bxe5 24. fxe5 hxg3 25. Qf3 Qg5 26. Rf1 Re7 27. Qf4 Qxf4 28. Rxf4 Rxe5 29. Rcf1 Be6 30. R4f3 Ba2 31. Nd2 Nac3 32. Nc4 Re7 33. Re1 Nxa3 34. Bxc3 dxc3 35. Nxa3 Rxa3 36. d4 Rb3 37. Rc1 Rxe4 38. Rxg3 Rxd4 39. Rgxc3 Rxc3 40. Rxc3 c6 41. b5 cxb5 42. Bxb7 b4 43. Rc2 Be6 44. Bg2 b3 45. Rb2 Rc4 0-1

[Event "SVK-chT2C 2122"]
[Site "Slovakia"]
[Date "2022.03.05"]
[Round "5.3"]
[White "Brhel, Jan"]
[Black "Tomcikova, Dominika"]
[Result "1/2-1/2"]
[WhiteElo "2026"]
[BlackElo "1945"]
[PlyCount "89"]
[EventDate "2021.10.16"]
[EventType "team-tourn"]
[EventRounds "11"]
[EventCountry "SVK"]
[SourceTitle "EXT 2023"]
[Source "ChessBase"]
[SourceDate "2022.10.05"]
[SourceVersion "1"]
[SourceVersionDate "2022.10.05"]
[SourceQuality "1"]
[WhiteTeam "Kysucke Nove Mesto"]
[BlackTeam "Rajecke Teplice"]
[WhiteTeamCountry "SVK"]
[BlackTeamCountry "SVK"]

1. d4 Nf6 2. c4 d6 3. Nc3 g6 4. e4 Nbd7 5. Nf3 e5 6. Be2 Bg7 7. 0-0 0-0 8. dxe5 dxe5 9. Qc2 c6 10. Rd1 Qc7 11. h3 Re8 12. Be3 b6 13. b4 Bb7 14. Rac1 Bf8 15. Rb1 Rad8 16. Nd2 c5 17. a3 a6 18. Rdc1 Rc8 19. Qa4 Ra8 20. Qb3 Rec8 21. f3 Rab8 22. Nf1 cxb4 23. axb4 Qd8 24. Rd1 Qe7 25. Bg5 Rd8 26. Ne3 Qe6 27. Ncd5 Rdc8 28. Qb2 h6 29. Bxf6 Nxf6 30. Nxf6+ Qxf6 31. Ng4 Qg5 32. Qxe5 Bg7 33. Qxg5 hxg5 34. Rd6 Rd8 35. Rbd1 Rxd6 36. Rxd6 Rc8 37. e5 Rc6 38. Nf6+ Bxf6 39. Rxf6 Rxf6 40. exf6 Kf8 41. c5 b5 42. g3 Ke8 43. f4 gxf4 44. gxf4 Bd5 45. Kf2 1/2-1/2

[Event "SVK-chT2C 2122"]
[Site "Slovakia"]
[Date "2021.10.16"]
[Round "1.3"]
[White "Miklas, Marian"]
[Black "Tomcikova, Dominika"]
[Result "1-0"]
[WhiteElo "2048"]
[BlackElo "1912"]
[PlyCount "85"]
[EventDate "2021.10.16"]
[EventType "team-tourn"]
[EventRounds "11"]
[EventCountry "SVK"]
[SourceTitle "EXT 2023"]
[Source "ChessBase"]
[SourceDate "2022.10.05"]
[SourceVersion "1"]
[SourceVersionDate "2022.10.05"]
[SourceQuality "1"]
[WhiteTeam "Banska Bystrica Kurta"]
[BlackTeam "Rajecke Teplice"]
[WhiteTeamCountry "SVK"]
[BlackTeamCountry "SVK"]

1. Nf3 Nf6 2. c4 g6 3. g3 Bg7 4. Bg2 d6 5. d4 Nbd7 6. Nc3 0-0 7. 0-0 e5 8. h3 a6 9. e4 h6 10. Be3 Qe7 11. Qc2 Re8 12. d5 Qf8 13. b4 b6 14. Nd2 Bb7 15. Nb3 Reb8 16. Rab1 Bc8 17. c5 bxc5 18. bxc5 Nxc5 19. Nxc5 dxc5 20. Na4 Nd7 21. Nxc5 Nxc5 22. Bxc5 Qd8 23. Rb2 Bd7 24. Rfb1 Rb5 25. Bf1 Rxb2 26. Qxb2 Kh7 27. Qb7 h5 28. h4 a5 29. Ba7 Qc8 30. Qxc8 Bxc8 31. Bb8 f5 32. Bxc7 fxe4 33. Bb5 Bf5 34. Bc6 Rf8 35. Rb8 Rf7 36. Bxa5 Ra7 37. Ra8 Rf7 38. Bd2 Bf6 39. Be3 Kg7 40. a4 Bd7 41. Ra7 Bxc6 42. dxc6 Bd8 43. Bh6+ 1-0

[Event "Piestany Slovakia op"]
[Site "Piestany"]
[Date "2021.07.18"]
[Round "9"]
[White "Sankova, Stella"]
[Black "Tomcikova, Dominika"]
[Result "0-1"]
[WhiteElo "2126"]
[BlackElo "1885"]
[PlyCount "78"]
[EventDate "2021.07.10"]
[EventType "swiss"]
[EventRounds "9"]
[EventCountry "SVK"]
[SourceTitle "CBM 203 Extra"]
[Source "ChessBase"]
[SourceDate "2021.09.30"]
[SourceVersion "1"]
[SourceVersionDate "2021.09.30"]
[SourceQuality "1"]

1. e4 d6 2. d4 g6 3. Nc3 Bg7 4. f4 Nd7 5. Nf3 Ngf6 6. e5 Ng8 7. Be3 e6 8. Qd2 d5 9. Bf2 c6 10. Bd3 Ne7 11. Bh4 f5 12. exf6 Nxf6 13. 0-0-0 Qd6 14. Rde1 Bd7 15. Re2 Nf5 16. Bf2 0-0-0 17. Ne5 Nh6 18. h3 Rhf8 19. g4 Nf7 20. Bg3 Qe7 21. Nf3 Rde8 22. Rhe1 Qd8 23. Na4 Re7 24. Nc5 Ng8 25. f5 gxf5 26. Qf4 e5 27. dxe5 fxg4 28. Qb4 Qb6 29. Qxb6 axb6 30. Nxd7 gxf3 31. Nxf8 fxe2 32. Bf5+ Kb8 33. e6+ Ka7 34. Bd6 Nxd6 35. Bxh7 Bh6+ 36. Kb1 Nf6 37. Nd7 Nxh7 38. Rxe2 Nf8 39. Nxb6 Kxb6 0-1

[Event "Piestany Slovakia op"]
[Site "Piestany"]
[Date "2021.07.13"]
[Round "4"]
[White "Furman, Slavomir"]
[Black "Tomcikova, Dominika"]
[Result "0-1"]
[WhiteElo "1720"]
[BlackElo "1885"]
[PlyCount "76"]
[EventDate "2021.07.10"]
[EventType "swiss"]
[EventRounds "9"]
[EventCountry "SVK"]
[SourceTitle "CBM 203 Extra"]
[Source "ChessBase"]
[SourceDate "2021.09.30"]
[SourceVersion "1"]
[SourceVersionDate "2021.09.30"]
[SourceQuality "1"]

1. d4 Nf6 2. c4 g6 3. Nc3 Bg7 4. e4 d6 5. Nf3 0-0 6. Be2 Nbd7 7. 0-0 e5 8. Be3 Qe7 9. Bg5 Nb6 10. dxe5 dxe5 11. Nd5 Nbxd5 12. cxd5 Qd6 13. Qc2 Bd7 14. Be3 b6 15. Rac1 Ne8 16. Nd2 Kh8 17. f3 f5 18. Nc4 Qe7 19. Na3 a6 20. Rfd1 Qb4 21. Bd2 Qd4+ 22. Kh1 Qa4 23. Qd3 fxe4 24. fxe4 Qd4 25. Qxd4 exd4 26. Bd3 Bg4 27. Re1 Rf2 28. Rc2 Rf7 29. h3 Bc8 30. Kg1 Bb7 31. b4 b5 32. Be2 Nf6 33. Bf3 Re8 34. Bg5 Nxd5 35. Rb1 Ne3 36. Bxe3 dxe3 37. Re1 Bxe4 38. Rxe3 Bd4 0-1

[Event "SVK-ch U20 Girls"]
[Site "Lubovna"]
[Date "2020.08.15"]
[Round "1"]
[White "Fajtakova, Silvia"]
[Black "Tomcikova, Dominika"]
[Result "1/2-1/2"]
[WhiteElo "1509"]
[BlackElo "1912"]
[PlyCount "90"]
[EventDate "2020.08.15"]
[EventType "swiss"]
[EventRounds "9"]
[EventCountry "SVK"]
[SourceTitle "EXT 2021"]
[Source "ChessBase"]
[SourceDate "2020.10.23"]
[SourceVersion "1"]
[SourceVersionDate "2020.10.23"]
[SourceQuality "1"]

1. e4 c6 2. d4 d5 3. e5 Bf5 4. Bd3 Bxd3 5. Qxd3 Qa5+ 6. c3 Qa6 7. Qc2 e6 8. Ne2 Ne7 9. 0-0 Nd7 10. Be3 Rc8 11. Qd2 c5 12. Na3 cxd4 13. cxd4 Nc6 14. Nc2 Be7 15. f4 0-0 16. f5 exf5 17. Rxf5 Na5 18. Nc3 Qe6 19. Raf1 Nc4 20. Qc1 g6 21. R5f3 f6 22. Bh6 Rf7 23. exf6 Rxf6 24. Re1 Qf7 25. Bg5 Rcc6 26. Bxf6 Nxf6 27. Nxd5 Qxd5 28. Rxe7 Re6 29. Rxe6 Qxe6 30. Qe1 Kf7 31. b3 Qxe1+ 32. Nxe1 Nd2 33. Rf4 Ke6 34. Nf3 Nde4 35. Kf1 h6 36. Ne1 g5 37. Rf3 Nd2+ 38. Ke2 Nxf3 39. Kxf3 Kd5 40. Nc2 h5 41. g3 Ng4 42. h3 Nh6 43. h4 gxh4 44. gxh4 Ke6 45. Kf4 Kf6 1/2-1/2

[Event "SVK-chT1E 1920"]
[Site "Slovakia"]
[Date "2020.06.20"]
[Round "10.6"]
[White "Panko, Eduard1"]
[Black "Tomcikova, Dominika"]
[Result "1/2-1/2"]
[WhiteElo "1969"]
[BlackElo "1912"]
[PlyCount "43"]
[EventDate "2019.10.12"]
[EventType "team-tourn"]
[EventRounds "11"]
[EventCountry "SVK"]
[SourceTitle "EXT 2022"]
[Source "ChessBase"]
[SourceDate "2021.10.06"]
[SourceVersion "1"]
[SourceVersionDate "2021.10.06"]
[SourceQuality "1"]
[WhiteTeam "Bardejov"]
[BlackTeam "Kysucke Nove Mesto"]
[WhiteTeamCountry "SVK"]
[BlackTeamCountry "SVK"]

1. c3 Nf6 2. d4 g6 3. Bg5 Bg7 4. Nd2 d6 5. e4 Nbd7 6. Be2 c6 7. h4 h5 8. f3 Qc7 9. Nh3 Nh7 10. Qb3 Nb6 11. Be3 d5 12. e5 Bxh3 13. Rxh3 Nf8 14. Bd3 Bh6 15. Bxh6 Rxh6 16. f4 a6 17. Rf3 Nfd7 18. a4 Nc8 19. Qa3 a5 20. b3 Qb6 21. Rc1 Qc7 22. g3 1/2-1/2

[Event "SVK-chT2C 1920"]
[Site "Slovakia"]
[Date "2019.12.15"]
[Round "6.6"]
[White "Slivka, David"]
[Black "Tomcikova, Dominika"]
[Result "1/2-1/2"]
[WhiteElo "1927"]
[BlackElo "1831"]
[PlyCount "81"]
[EventDate "2019.10.26"]
[EventType "team-tourn"]
[EventRounds "11"]
[EventCountry "SVK"]
[SourceTitle "CBM 194 Extra"]
[Source "ChessBase"]
[SourceDate "2020.03.31"]
[SourceVersion "1"]
[SourceVersionDate "2020.03.31"]
[SourceQuality "1"]
[WhiteTeam "Zilina Mladost III"]
[BlackTeam "Rajecke Teplice"]
[WhiteTeamCountry "SVK"]
[BlackTeamCountry "SVK"]

1. Nf3 Nf6 2. d4 g6 3. c4 Bg7 4. Nc3 d6 5. h3 Nbd7 6. Bg5 0-0 7. e3 e5 8. Be2 c6 9. 0-0 Qc7 10. Rc1 Re8 11. Qc2 h6 12. Bh4 Nh7 13. Rfd1 f5 14. b4 Ndf8 15. Bg3 Qf7 16. d5 f4 17. Bh2 fxe3 18. fxe3 cxd5 19. Rxd5 Be6 20. Rxd6 Bxc4 21. Bxc4 Qxc4 22. Qd2 Rac8 23. Ne2 Qb5 24. Rxc8 Rxc8 25. a4 Qe8 26. Qd5+ Qf7 27. Bxe5 Rc4 28. Qxf7+ Kxf7 29. Bxg7 Kxg7 30. Rd4 Rc2 31. Kf1 Nf6 32. Ne5 Ne6 33. Rd6 Ng5 34. Ng3 Rc3 35. Ke2 Rc2+ 36. Rd2 Rc7 37. Nf3 Nge4 38. Nxe4 Nxe4 39. Rd4 Nc3+ 40. Kd3 Nxa4 41. Ne5 1/2-1/2

[Event "SVK-chT1E 1920"]
[Site "Slovakia"]
[Date "2019.11.10"]
[Round "4.5"]
[White "Tomcikova, Dominika"]
[Black "Kardis, Benjamin"]
[Result "1/2-1/2"]
[WhiteElo "1831"]
[BlackElo "1975"]
[PlyCount "82"]
[EventDate "2019.10.12"]
[EventType "team-tourn"]
[EventRounds "11"]
[EventCountry "SVK"]
[SourceTitle "CBM 193 Extra"]
[Source "ChessBase"]
[SourceDate "2020.01.31"]
[SourceVersion "1"]
[SourceVersionDate "2020.01.31"]
[SourceQuality "1"]
[WhiteTeam "Kysucke Nove Mesto"]
[BlackTeam "Humenne Reinter II"]
[WhiteTeamCountry "SVK"]
[BlackTeamCountry "SVK"]

1. Nf3 f5 2. g3 Nf6 3. Bg2 g6 4. d3 Bg7 5. Nbd2 0-0 6. e4 fxe4 7. dxe4 d6 8. 0-0 e5 9. Qe2 Na6 10. a4 Nc5 11. b4 Ne6 12. c3 a5 13. Rd1 Bd7 14. b5 Nc5 15. Ne1 Be6 16. Nd3 Nfd7 17. Nb2 Nb6 18. c4 Qf6 19. Ra3 Qf7 20. Rf1 Bh6 21. Nf3 Bxc4 22. Nxc4 Qxc4 23. Qxc4+ Nxc4 24. Rc3 Bxc1 25. Rxc4 Ba3 26. Ne1 Bb4 27. Nc2 Rf7 28. Bh3 Kg7 29. Nxb4 axb4 30. Rxb4 Rxa4 31. Rxa4 Nxa4 32. Be6 Rf3 33. Bd5 Nc5 34. Kg2 Ra3 35. f4 Kf6 36. fxe5+ Kxe5 37. Rf7 Ra5 38. Rxc7 Rxb5 39. Rxh7 Nxe4 40. Bxb7 Rb2+ 41. Kg1 Rb1+ 1/2-1/2

[Event "SVK-chT1E 1819"]
[Site "Slovakia"]
[Date "2019.02.23"]
[Round "8.8"]
[White "Tomcikova, Dominika"]
[Black "Antal, Jakub"]
[Result "0-1"]
[WhiteElo "1798"]
[BlackElo "1899"]
[PlyCount "136"]
[EventDate "2018.10.27"]
[EventType "team-tourn"]
[EventRounds "11"]
[EventCountry "SVK"]
[SourceTitle "CBM 189 Extra"]
[Source "ChessBase"]
[SourceDate "2019.05.31"]
[SourceVersion "1"]
[SourceVersionDate "2019.05.31"]
[SourceQuality "1"]
[WhiteTeam "Kysucke Nove Mesto"]
[BlackTeam "Kosice Slavia TU II"]
[WhiteTeamCountry "SVK"]
[BlackTeamCountry "SVK"]

1. e4 c5 2. Nc3 Nc6 3. Bb5 Nd4 4. Bc4 e6 5. Nf3 Nf6 6. e5 d5 7. Bb5+ Nd7 8. Nxd4 cxd4 9. Ne2 Qg5 10. Nxd4 Qxe5+ 11. Ne2 d4 12. a4 a6 13. Bc4 b6 14. d3 Bb4+ 15. Bd2 Bxd2+ 16. Qxd2 Bb7 17. f4 Qc5 18. b4 Qd6 19. Ng3 Nf6 20. h3 h5 21. Kf2 h4 22. Ne2 Rc8 23. Bb3 Rh6 24. Rhg1 Nh5 25. Raf1 Rg6 26. Ke1 Rxg2 27. Rxg2 Bxg2 28. Rg1 Bf3 29. Rg5 f6 30. Rg1 Kf8 31. Kf2 Bxe2 32. Qxe2 Qxf4+ 33. Qf3 Qd2+ 34. Qe2 Qxe2+ 35. Kxe2 Nf4+ 36. Kf3 Nxh3 37. Rg4 Ng5+ 38. Kf2 h3 39. Rxd4 Ke7 40. Rh4 Kf7 41. c4 f5 42. Bd1 e5 43. Be2 Rd8 44. Bf1 Kf6 45. Ke2 Ne6 46. Bxh3 Nf4+ 47. Kf2 Nxd3+ 48. Ke2 Nxb4 49. Rh5 g6 50. Rh7 Nc6 51. Rb7 Rb8 52. Rd7 Rd8 53. Rb7 Nd4+ 54. Kf2 Rd6 55. Bf1 g5 56. Rh7 Kg6 57. Ra7 g4 58. Rxa6 Nb3 59. a5 Nc5 60. Rxb6 Rxb6 61. axb6 f4 62. Be2 Kf5 63. Bd1 e4 64. Ba4 g3+ 65. Kg2 Kg4 66. Bc6 f3+ 67. Kf1 g2+ 68. Kf2 e3+ 0-1